UBT Library

Money, banking, and financial markets / (Record no. 43750)

000 -LEADER
fixed length control field 00935cam a22002894a 4500
001 - CONTROL NUMBER
control field 14840585
005 - DATE AND TIME OF LATEST TRANSACTION
control field 20180301033437.0
008 - FIXED-LENGTH DATA ELEMENTS--GENERAL INFORMATION
fixed length control field 070507s2008 mauab b 001 0 eng
010 ## - LIBRARY OF CONGRESS CONTROL NUMBER
LC control number 2007019117
020 ## - INTERNATIONAL STANDARD BOOK NUMBER
International Standard Book Number 9780073523095 (alk. paper)
020 ## - INTERNATIONAL STANDARD BOOK NUMBER
International Standard Book Number 0073523097 (alk. paper)
020 ## - INTERNATIONAL STANDARD BOOK NUMBER
International Standard Book Number 9780073523095
020 ## - INTERNATIONAL STANDARD BOOK NUMBER
International Standard Book Number 0073523097
035 ## - SYSTEM CONTROL NUMBER
System control number (OCoLC)ocn124074999
035 ## - SYSTEM CONTROL NUMBER
System control number (OCoLC)124074999
Canceled/invalid control number (OCoLC)148813501
040 ## - CATALOGING SOURCE
Original cataloging agency DLC
Transcribing agency DLC
Modifying agency YDX
-- BAKER
-- BTCTA
-- YDXCP
-- DLC
041 ## - LANGUAGE CODE
Language code of text/sound track or separate title eng
080 ## - UNIVERSAL DECIMAL CLASSIFICATION NUMBER
Universal Decimal Classification number 332 STE
082 00 - DEWEY DECIMAL CLASSIFICATION NUMBER
Classification number 332 STE
Edition number 22
100 1# - Rafti
Rafti 52
101 ## - Shkurtesa
Shkurtesa ECO
245 10 - TITLE STATEMENT
Title Money, banking, and financial markets /
Statement of responsibility, etc Stephen G. Cecchetti.
504 ## - BIBLIOGRAPHY, ETC. NOTE
Bibliography, etc Includes bibliographical references and index.
906 ## - LOCAL DATA ELEMENT F, LDF (RLIN)
a 7
b cbc
c orignew
d 1
e ecip
f 20
g y-gencatlg
942 ## - ADDED ENTRY ELEMENTS (KOHA)
Source of classification or shelving scheme
Item type Books
Holdings
Withdrawn status Lost status Source of classification or shelving scheme Damaged status Not for loan Collection code Permanent location Current location Shelving location Date acquired Total Checkouts Full call number Barcode Date last seen Price effective from Koha item type
          Koleksioni i përgjithshem UBT - Lipjan UBT - Lipjan Koleksioni i përgjithshem 03/01/2018   332 STE 002-3000346 03/01/2018 03/01/2018 Books
UBT Library © 2015-2024. All rights reserved University Education for Business and Technology